Statistiques concernant Test de rapidité n°5

Cliquez ici pour prendre le quiz!

Statistiques générales

  • Ce quiz a été pris 133 fois
  • Le résultat moyen est 29 sur 60

Statistiques - réponses

Réponses% Correct
Mon
100%
Tonton
96%
Tond
95%
Ton
94%
Tonton
94%
Mon
94%
Tonton
94%
Ton
94%
Tonton
94%
Mon
94%
Tonton
94%
Tond
93%
Tond
93%
Ton
91%
Tonton
89%
Mon
85%
Tonton
82%
Tond
80%
Ton
75%
Tonton
75%
Mon
72%
Tonton
72%
Tond
68%
Ton
66%
Tonton
66%
Mon
61%
Tonton
55%
Ton
53%
Tond
51%
Tonton
49%
Mon
44%
Tonton
44%
Ton
40%
Tonton
40%
Tond
38%
Mon
33%
Tonton
33%
Tond
29%
Ton
28%
Tonton
22%
Mon
14%
Tonton
13%
Ton
13%
Tond
11%
Tonton
9%
Mon
7%
Tonton
7%
Ton
6%
Tonton
6%
Tonton
6%
Mon
5%
Ton
5%
Tond
4%
Tonton
4%
Mon
4%
Tonton
4%
Ton
4%
Tonton
4%
Tond
2%
Tond
1%

Distribution des résultats

Percentile par nombre de réponses

% des personnes avec chaque résultat

Votre développement - résultats

Vous n’avez pas pris ce quiz